Central Library OPAC University of Rajshahi

The story of philosophy : (Record no. 44968)

MARC details
000 -LEADER
fixed length control field 00745nam a2200229 a 4500
001 - CONTROL NUMBER
control field 44968
003 - CONTROL NUMBER IDENTIFIER
rucl marc code BD-RjUL
005 - DATE AND TIME OF LATEST TRANSACTION
control field 20240125151103.0
008 - FIXED-LENGTH DATA ELEMENTS--GENERAL INFORMATION
fixed length control field 160721r19671926nyu b 001 0ceng d
035 ## - SYSTEM CONTROL NUMBER
System control number (BD-RjUL)45086
040 ## - CATALOGING SOURCE
Original cataloging agency LNU
Transcribing agency LNU
Modifying agency BD-RjUL
Language of cataloging eng
041 ## - LANGUAGE CODE
Language code of text/sound track or separate title eng
082 04 - DEWEY DECIMAL CLASSIFICATION NUMBER
Classification number 109
Author mark and year DUS 1953
Edition number 23
100 1# - MAIN ENTRY--PERSONAL NAME
Personal name Durant, Will
Dates associated with a name 1885-1981.
9 (RLIN) 137811
245 14 - TITLE STATEMENT
Title The story of philosophy :
Remainder of title the lives and opinions of the great philosophers of the western world /
Statement of responsibility, etc. by Will Durant.
260 ## - PUBLICATION, DISTRIBUTION, ETC. (IMPRINT)
Place of publication, distribution, etc. New York :
Name of publisher, distributor, etc. Simon and Schuster,
Date of publication, distribution, etc. c1967
300 ## - PHYSICAL DESCRIPTION
Pagination xvi, 412 p. ;
Size 22 cm.
504 ## - BIBLIOGRAPHY, ETC. NOTE
Bibliography, etc Includes bibliographical references (p. 403-404) and index.
650 #0 - SUBJECT ADDED ENTRY--TOPICAL TERM
Topical term or geographic name as entry element Philosophy
9 (RLIN) 137812
Topical term or geographic name as entry element Philosophers
9 (RLIN) 137813
942 ## - ADDED ENTRY ELEMENTS (KOHA)
Source of classification or shelving scheme Dewey Decimal Classification
Koha item type Books
Holdings
Lost status Source of classification or shelving scheme Damaged status Not for loan Collection code Permanent Location Current Location Shelving location Date acquired Source of acquisition Cost, normal purchase price Total Checkouts Full call number Date last seen Date checked out Copy number Koha item type
  Dewey Decimal Classification     Rare Books Central Library, University of Rajshahi Central Library, University of Rajshahi   14/08/1972 Paramrunt Book corporation 15.60 1 109 DUS 1967 26/09/2018 10/09/2018 C-2 Books
  Dewey Decimal Classification   Not For Loan Non-fiction Central Library, University of Rajshahi Central Library, University of Rajshahi Reading Room 14/08/1972 RUCL     109 DUS 1953 23/05/2023   C-1 Books